000 00318nam a2200109 4500
008 180217b xxu||||| |||| 00| 0 eng d
245 _aWHO: Despite progress, measles kills 400 children daily.
260 _aPhilippines
_bThe Philippine Star
_cc2016
300 _apage 20.
650 0 _926597
_aDiseases.
942 _2ddc
_cPER
999 _c8710
_d8710